000
00271nam a2200097Ia 4500
008
220204s9999 xx 000 0 und d
100
_a
Subbaram, N R
245
0
_a
Plant protection of the results of R&D. Occasional paper. 11
260
_a
Mumbai
_b
NABARD
_c
2000
942
_c
BK
999
_c
44131
_d
44131